[Event "European Rapid 2017"]
[Site "Katowice POL"]
[Date "2017.12.17"]
[Round "8.52"]
[White "Darmarakis, Mihail"]
[Black "Krejci, Jan2"]
[Result "0-1"]
[BlackTitle "GM"]
[WhiteElo "2213"]
[BlackElo "2570"]
[WhiteFideId "4203720"]
[BlackFideId "322156"]
[EventDate "2017.12.16"]

1. e4 c5 2. Nf3 e6 3. d4 cxd4 4. Nxd4 Nc6 5. Nc3 Qc7 6. Be2 a6 7. O-O Nf6 8. Be3
Bb4 9. Na4 O-O 10. c4 Be7 11. Nc3 Bb4 12. Na4 Be7 13. Nc3 d6 14. Rc1 Nxd4 15.
Qxd4 Bd7 16. Rfd1 Rac8 17. f4 Rfd8 18. a3 Bf8 19. b4 Qb8 20. a4 Be8 21. a5 Nd7
22. Bf1 Qc7 23. Kh1 Qb8 24. Na4 e5 25. Qd2 Rc6 26. Nb6 exf4 27. Bxf4 Nxb6 28.
axb6 Rxb6 29. c5 Rc6 30. e5 d5 31. Be2 Qc8 32. h3 a5 33. Bg5 f6 34. exf6 gxf6
35. Bg4 Qc7 36. b5 Rxc5 37. Bxf6 Rd6 38. Be5 Rxc1 39. Rxc1 Qf7 40. Bxd6 Bxd6 41.
Bf3 Qf6 42. Bxd5+ Kg7 43. Qc3 Be5 44. Qf3 Bxb5 45. Qg4+ Kh6 46. Bxb7 a4 47. Qb4
Bd6 48. Qxb5 Qf4 49. g3 Qxc1+ 50. Kg2 Qd2+ 51. Kf3 Qc3+ 52. Ke4 Qxg3 53. Qf5
Qg2+ 54. Kd4 Qd2+ 55. Kc4 Qb4+ 56. Kd3 Qb1+ 0-1

[Event "European Rapid 2017"]
[Site "Katowice POL"]
[Date "2017.12.17"]
[Round "8.53"]
[White "Kratochvil, Karel"]
[Black "Olszewski, Michal"]
[Result "0-1"]
[BlackTitle "GM"]
[WhiteElo "2175"]
[BlackElo "2540"]
[WhiteFideId "325546"]
[BlackFideId "1121251"]
[EventDate "2017.12.16"]

1. d4 Nf6 2. c4 e6 3. Nc3 Bb4 4. Qc2 O-O 5. Nf3 c5 6. dxc5 Na6 7. a3 Bxc3+ 8.
Qxc3 Nxc5 9. e3 b6 10. Be2 Bb7 11. O-O Qe7 12. Rd1 Rac8 13. b4 Nce4 14. Qe1 d5
15. cxd5 Nxd5 16. Bb2 Ndc3 17. Rdc1 Nxe2+ 18. Qxe2 f6 19. Rxc8 Rxc8 20. Rc1
Rxc1+ 21. Bxc1 Qd7 22. Bb2 Qd5 23. Ne1 Nd6 24. Qd3 Nc4 25. Qxd5 Bxd5 26. Bc1 Be4
27. f3 Bb1 28. Kf2 Kf7 29. Ke2 e5 30. e4 Ke6 31. Nd3 Kd6 32. Nf2 Kc6 33. Nd1 Bc2
34. Ne3 Nxe3 35. Kxe3 Kb5 36. g3 Kc4 37. f4 Kc3 38. h4 Bd1 39. Bd2+ Kb3 40. fxe5
fxe5 41. b5 Kxa3 42. Bc3 Ka4 43. Bxe5 Kxb5 44. Bxg7 a5 45. e5 Bg4 46. Kf4 h5 47.
Kg5 Kc6 48. Kf6 Kd5 49. Bf8 b5 50. Bd6 b4 51. Bf8 b3 52. Ba3 a4 53. Bb2 Ke4 54.
e6 Kf3 55. e7 Bd7 56. Kf7 Kxg3 57. e8=Q Bxe8+ 58. Kxe8 Kxh4 59. Kd7 Kg4 60. Kc6
h4 61. Kb5 h3 0-1

[Event "European Rapid 2017"]
[Site "Katowice POL"]
[Date "2017.12.17"]
[Round "8.54"]
[White "Mohr, Georg"]
[Black "Varvadoukas, Theodoros"]
[Result "1/2-1/2"]
[WhiteTitle "GM"]
[WhiteElo "2473"]
[BlackElo "2178"]
[WhiteFideId "14600013"]
[BlackFideId "4210735"]
[EventDate "2017.12.16"]

1. e4 g6 2. d4 Bg7 3. Nc3 d6 4. g3 a6 5. a4 Nc6 6. d5 Nb8 7. Bg2 e5 8. dxe6 Bxe6
9. Nge2 Nc6 10. O-O Nge7 11. Be3 O-O 12. h3 Re8 13. Kh2 Qd7 14. Nf4 Bc4 15. Re1
a5 16. Qd2 Rad8 17. b3 Ba6 18. Rad1 b6 19. Nfd5 Nxd5 20. Nxd5 Bb7 21. Bg5 Ne7
22. Nxe7+ Rxe7 23. Bxe7 Qxe7 24. e5 Bxg2 25. exd6 Qd7 26. Kxg2 cxd6 27. Qd5 Qc7
28. c4 Bc3 29. Re4 Bb4 30. Rd3 Bc5 31. Rd2 Rf8 32. Rde2 Qd8 33. Re7 Qc8 34. R2e4
Qd8 35. Qc6 d5 36. Re8 dxe4 37. Rxd8 Rxd8 38. Qxe4 Rd2 39. Qe8+ Kg7 40. Qe5+ Kg8
41. g4 Rxf2+ 42. Kg3 Rd2 43. Qe4 h6 44. h4 Bd6+ 45. Kf3 Bc5 46. Qe8+ Kg7 47.
Qe5+ Kg8 48. b4 Bxb4 49. Qb8+ Kg7 50. Qxb6 Rc2 51. Qd4+ Kg8 52. h5 g5 53. Ke4
Re2+ 54. Kf5 Re6 55. Qd8+ Kg7 56. Qc7 Re7 57. Qd8 Re6 58. Qd4+ Kg8 59. Qd5 Rd6
60. Qe5 Re6 61. Qc7 Kg7 62. c5 Bc3 63. c6 Bb4 64. Qd7 Bd6 65. Qxe6 fxe6+ 66.
Kxe6 Bg3 67. Ke7 Bf4 68. Ke6 Bg3 1/2-1/2

[Event "European Rapid 2017"]
[Site "Katowice POL"]
[Date "2017.12.17"]
[Round "8.55"]
[White "Szusterowski, Radoslaw"]
[Black "Arnaudov, G. Petar"]
[Result "0-1"]
[BlackTitle "GM"]
[WhiteElo "2219"]
[BlackElo "2439"]
[WhiteFideId "1108085"]
[BlackFideId "2907127"]
[EventDate "2017.12.16"]

1. d4 Nf6 2. Nf3 e6 3. c4 Nc6 4. Nc3 Bb4 5. Bd2 d6 6. a3 Bxc3 7. Bxc3 O-O 8. e3
Qe7 9. Be2 e5 10. O-O Bg4 11. b4 e4 12. Nd2 Bxe2 13. Qxe2 Rfe8 14. b5 Nb8 15.
Rfc1 Nbd7 16. a4 d5 17. Bb2 Qe6 18. Ba3 a6 19. Nb3 dxc4 20. Qxc4 Nd5 21. Nc5
Nxc5 22. dxc5 axb5 23. axb5 c6 24. Bb2 h5 25. b6 Rad8 26. Rd1 Rd7 27. Bd4 Kh7
28. Ra7 Qf5 29. Ra2 Re6 30. Rf1 Rg6 31. Kh1 Re7 32. Rb2 Ree6 33. Qe2 Qg5 34. f4
exf3 35. Rxf3 Ne7 36. Qf2 f6 37. Ra2 Re4 38. h3 Qd5 39. Ra7 Qd7 40. Kh2 Rg5 41.
Rf4 Rxf4 42. Qxf4 Ng6 43. Qe4 f5 44. Qb1 Nh4 45. g3 Nf3+ 46. Kg2 Qd5 47. Qa2 Qe4
48. Kf2 h4 49. Ra8 hxg3+ 50. Kg2 Nxd4+ 51. Kg1 Nf3+ 52. Kg2 Nd2+ 53. Kg1 Qxe3+ 0-1

[Event "European Rapid 2017"]
[Site "Katowice POL"]
[Date "2017.12.17"]
[Round "8.56"]
[White "Rausis, Igors"]
[Black "Mulet, Piotr"]
[Result "1-0"]
[WhiteTitle "GM"]
[BlackTitle "FM"]
[WhiteElo "2632"]
[BlackElo "2247"]
[WhiteFideId "11600098"]
[BlackFideId "1106244"]
[EventDate "2017.12.16"]

1. Nf3 Nf6 2. g3 g6 3. Bg2 Bg7 4. c4 O-O 5. O-O c6 6. d4 d5 7. Qb3 dxc4 8. Qxc4
Be6 9. Qc2 Na6 10. Rd1 Nb4 11. Qc5 Nxa2 12. Bf4 a5 13. Ng5 Bb3 14. Rd3 a4 15.
Nd2 h6 16. Ngf3 g5 17. Be5 Nd7 18. Qa3 f6 19. Nxb3 fxe5 20. Nc5 Nxc5 21. dxc5
Qa5 22. Qxa2+ Kh8 23. Nd2 Qxc5 24. Ne4 Qb4 25. Qa3 Qxa3 26. Rdxa3 b5 27. b3 Rfd8
28. bxa4 b4 29. Rb3 Rd4 30. a5 e6 31. e3 Rd5 32. Rxb4 Rdxa5 33. Rxa5 Rxa5 34.
Rb8+ Kh7 35. Rc8 Ra1+ 36. Bf1 Rc1 37. Kg2 Kg6 38. g4 h5 39. h3 h4 40. Bd3 Kh6
41. Nd6 Bf6 42. Rg8 1-0

[Event "European Rapid 2017"]
[Site "Katowice POL"]
[Date "2017.12.17"]
[Round "8.57"]
[White "Sammalvuo, Tapani"]
[Black "Balaian, Alina"]
[Result "1-0"]
[WhiteTitle "IM"]
[BlackTitle "WIM"]
[WhiteElo "2416"]
[BlackElo "2224"]
[WhiteFideId "501115"]
[BlackFideId "24115347"]
[EventDate "2017.12.16"]

1. d4 Nf6 2. c4 g6 3. Nc3 Bg7 4. e4 d6 5. Nf3 O-O 6. Be2 e5 7. O-O Nc6 8. d5 Ne7
9. Ne1 Nd7 10. Be3 f5 11. f3 f4 12. Bf2 g5 13. g4 fxg3 14. hxg3 Rf6 15. Be3 Rg6
16. Qd2 Bf6 17. Nd3 c5 18. b4 b6 19. a4 cxb4 20. Nxb4 Nc5 21. Ra3 Qd7 22. g4 Rg7
23. a5 bxa5 24. Nd3 Nb7 25. c5 dxc5 26. Nxc5 Qd8 27. d6 Qxd6 28. Qa2+ Kh8 29.
Rd1 Qc7 30. Nb5 Qc6 31. Nxb7 Bxb7 32. Rd6 Qc8 33. Rxf6 Ng8 34. Nd6 1-0

[Event "European Rapid 2017"]
[Site "Katowice POL"]
[Date "2017.12.17"]
[Round "8.58"]
[White "Valeinis, Janis"]
[Black "Brodowski, Piotr"]
[Result "0-1"]
[BlackTitle "IM"]
[WhiteElo "2227"]
[BlackElo "2430"]
[WhiteFideId "11601450"]
[BlackFideId "1124480"]
[EventDate "2017.12.16"]

1. Nf3 c5 2. g3 Nc6 3. Bg2 g6 4. O-O Bg7 5. d3 d5 6. Nbd2 Nf6 7. e4 O-O 8. c3 h6
9. a4 Be6 10. Re1 Qb6 11. exd5 Bxd5 12. Nc4 Qa6 13. Ne3 Be6 14. Bf1 Rfd8 15. Qc2
Rac8 16. Bd2 b6 17. d4 Qb7 18. dxc5 bxc5 19. Bg2 Bb3 20. Qc1 Qa6 21. Bf1 Qb7 22.
Bg2 Qd7 23. Nf1 Kh7 24. Be3 Na5 25. Bf4 Nd5 26. Be5 f6 27. Bf4 e5 28. Be3 f5 29.
Nxe5 Bxe5 30. Bxh6 Re8 31. h4 Nf6 32. Bf4 Nc4 33. Bxe5 Nxe5 34. Qg5 Ne4 35. Bxe4
fxe4 36. Nh2 Qf5 37. Qe3 Rcd8 38. Qxe4 Qxe4 39. Rxe4 Bd5 40. Ree1 c4 41. Red1
Nf3+ 42. Nxf3 Bxf3 43. Rxd8 Rxd8 44. g4 Bxg4 45. Kh2 Rd2 46. Kg3 Bf5 47. Re1
Rxb2 48. Re7+ Kh6 49. Rxa7 Rb3 50. Kf4 Rxc3 51. Rc7 Rh3 52. a5 c3 53. a6 c2 54.
h5 Rxh5 55. a7 Rh4+ 56. Ke5 Ra4 57. f4 Rxa7 0-1

[Event "European Rapid 2017"]
[Site "Katowice POL"]
[Date "2017.12.17"]
[Round "8.59"]
[White "Kovalev, Denis"]
[Black "Krainski, Aleksander"]
[Result "1/2-1/2"]
[WhiteTitle "IM"]
[BlackTitle "FM"]
[WhiteElo "2504"]
[BlackElo "2203"]
[WhiteFideId "14104059"]
[BlackFideId "1102400"]
[EventDate "2017.12.16"]

1. Nf3 d5 2. g3 Nf6 3. Bg2 e6 4. O-O Be7 5. d4 O-O 6. c4 c6 7. Qd3 b6 8. Nc3 Ba6
9. b3 Nbd7 10. e4 Rc8 11. Rd1 h6 12. Bf4 b5 13. cxd5 cxd5 14. e5 Ne8 15. a4 b4
16. Qxa6 bxc3 17. Bf1 Nb8 18. Qd3 Nc6 19. Qxc3 Nxe5 20. Qe3 Nxf3+ 21. Qxf3 Bd6
22. Rac1 Rb8 23. Bd2 Nf6 24. Bb5 Qe7 25. Rc6 Rfc8 26. Rdc1 Rxc6 27. Rxc6 Ne4 28.
Be3 Qb7 29. Qg4 Kf8 30. f3 Nf6 31. Qh3 Be7 32. Qg2 Rc8 33. Qc2 Rxc6 34. Qxc6
Qxc6 35. Bxc6 Bb4 36. Kf2 Ke7 37. Ke2 Ne8 38. Kd3 Nc7 39. Bf4 Bd6 40. Bd2 Na6
41. Bb5 Nb4+ 42. Bxb4 Bxb4 1/2-1/2

[Event "European Rapid 2017"]
[Site "Katowice POL"]
[Date "2017.12.17"]
[Round "8.60"]
[White "Flasinski, Michal"]
[Black "Feuerstack, Aljoscha"]
[Result "1/2-1/2"]
[BlackTitle "IM"]
[WhiteElo "2218"]
[BlackElo "2438"]
[WhiteFideId "1117238"]
[BlackFideId "4681932"]
[EventDate "2017.12.16"]

1. d4 Nf6 2. c4 c5 3. d5 b5 4. cxb5 a6 5. bxa6 e6 6. Nc3 exd5 7. Nxd5 Be7 8. Nf3
O-O 9. g3 Nxd5 10. Qxd5 Nc6 11. Bg2 Bxa6 12. O-O Bxe2 13. Re1 Bb5 14. Bg5 Nb4
15. Bxe7 Nxd5 16. Bxd8 Raxd8 17. Re5 Bc6 18. Nd2 Nb4 19. Rxc5 Nd3 20. Rc4 Nxb2
21. Rd4 Ra8 22. Nb3 Na4 23. Rc1 Rfc8 24. Rdc4 Nb6 25. Bxc6 dxc6 26. Rxc6 Rcb8
27. Nd4 g6 28. R1c2 Nd5 29. R6c4 Nb4 30. Rb2 Nxa2 31. Rxb8+ Rxb8 32. Nc6 Rb1+
33. Kg2 Rc1 34. Rxc1 1/2-1/2

[Event "European Rapid 2017"]
[Site "Katowice POL"]
[Date "2017.12.17"]
[Round "8.61"]
[White "Karas, Marek"]
[Black "Zelcic, Robert"]
[Result "0-1"]
[WhiteTitle "FM"]
[BlackTitle "GM"]
[WhiteElo "2240"]
[BlackElo "2501"]
[WhiteFideId "14928558"]
[BlackFideId "14500310"]
[EventDate "2017.12.16"]

1. d4 Nf6 2. Bf4 d5 3. Nf3 c5 4. e3 Nc6 5. Nbd2 e6 6. c3 Bd6 7. Bg3 O-O 8. Bd3
b6 9. Ne5 Bb7 10. O-O Ne7 11. Bh4 Ng6 12. Nxg6 hxg6 13. f4 Be7 14. Bxf6 gxf6 15.
Rf3 f5 16. Rh3 Kg7 17. Qf3 Rb8 18. g4 fxg4 19. Qxg4 Rh8 20. Nf3 Rxh3 21. Qxh3
Bf6 22. Ne5 Bxe5 23. fxe5 Qg5+ 24. Qg3 Qxg3+ 25. hxg3 Bc6 26. Kg2 c4 27. Be2 b5
28. b3 a5 29. Kf2 Bd7 30. Rb1 cxb3 31. axb3 Rc8 32. Rc1 b4 33. c4 dxc4 34. Bxc4
a4 35. bxa4 Bxa4 36. Ra1 Bc2 37. Ba6 Ra8 38. Ke1 b3 0-1

[Event "European Rapid 2017"]
[Site "Katowice POL"]
[Date "2017.12.17"]
[Round "8.62"]
[White "Kanarek, Marcel"]
[Black "Ovod, Evgenija"]
[Result "1/2-1/2"]
[WhiteTitle "GM"]
[BlackTitle "IM"]
[WhiteElo "2505"]
[BlackElo "2364"]
[WhiteFideId "1126822"]
[BlackFideId "4131827"]
[EventDate "2017.12.16"]

1. e4 e5 2. Nf3 Nc6 3. Bb5 Nf6 4. d3 Bc5 5. Bxc6 dxc6 6. Nbd2 Be6 7. O-O Nd7 8.
Nb3 Bb6 9. Ng5 Nf8 10. Qf3 Qd7 11. Nxe6 Nxe6 12. Be3 Bxe3 13. fxe3 O-O 14. Na5
c5 15. Qf5 b6 16. Nc4 f6 17. a4 a6 18. b3 b5 19. Nd2 Qc6 20. Ra2 Ng5 21. Rfa1
Nf7 22. axb5 axb5 23. Rxa8 Rxa8 24. Rxa8+ Qxa8 25. Qd7 Qb8 26. Qc6 c4 27. bxc4
bxc4 28. Qxc4 g6 29. Nb3 Kg7 30. Nc5 Qb1+ 31. Kf2 Ng5 32. h4 Qd1 33. Qc3 Nf7 34.
Ne6+ Kh6 35. Nxc7 Qg4 36. Nd5 Qxh4+ 37. Kg1 Qg3 38. Qb4 Kg5 39. Qd2 f5 40. exf5
gxf5 41. Qf2 Qg4 42. Qf3 Qh4 43. g3 Qa4 44. c4 Nh6 45. Qe2 Ng4 46. Kg2 Qa6 47.
Kf1 Qh6 48. Qg2 Qa6 49. Qe2 Qh6 50. Qg2 Qa6 51. Qd2 Qh6 52. e4+ Kh5 53. Qxh6+
Nxh6 54. c5 fxe4 55. c6 Nf7 56. c7 Nd6 57. dxe4 Nc8 58. Nf6+ Kg6 59. Nd7 Kf7 60.
Nxe5+ Ke6 61. Ng4 h5 62. Ne3 Ke5 63. Kf2 Kxe4 64. Ng2 Ke5 65. Nf4 Kd6 66. Nxh5
Kxc7 67. Ke3 Kd6 68. Kf4 Ke6 69. Kg5 Nd6 70. Kg6 Ne4 71. g4 Nf2 72. g5 Ne4 73.
Nf4+ Kd7 74. Kf5 Nxg5 75. Kxg5 1/2-1/2

[Event "European Rapid 2017"]
[Site "Katowice POL"]
[Date "2017.12.17"]
[Round "8.63"]
[White "Bus, Konrad"]
[Black "Sergeev, Vladimir"]
[Result "0-1"]
[BlackTitle "GM"]
[WhiteElo "2237"]
[BlackElo "2406"]
[WhiteFideId "1148362"]
[BlackFideId "14101076"]
[EventDate "2017.12.16"]

1. d4 Nf6 2. c4 d6 3. Nf3 g6 4. Nc3 Bg7 5. g3 O-O 6. Bg2 Bg4 7. O-O Nc6 8. h3
Bf5 9. d5 Na5 10. Nd4 Bd7 11. b3 c5 12. dxc6 bxc6 13. Bb2 Rb8 14. Qc2 c5 15. Nf3
Bf5 16. Qd2 Qb6 17. Nd5 Nxd5 18. Bxg7 Kxg7 19. Qxd5 Nc6 20. Rad1 Nb4 21. Qd2 a5
22. Rfe1 Be4 23. Qg5 Qb7 24. Rd2 h6 25. Qf4 a4 26. Rc1 axb3 27. axb3 Ra8 28. Ne1
Bc6 29. Bxc6 Nxc6 30. Rd3 Ra2 31. Rc2 Ra1 32. Rc1 Nd4 33. Rxa1 Nxe2+ 34. Kf1
Nxf4 35. gxf4 Rb8 36. Re3 e6 37. Rd1 d5 38. cxd5 exd5 39. Nf3 d4 40. Red3 Qd5
41. R1d2 Rxb3 42. Rxb3 Qxb3 43. Kg2 Qd5 44. Kg3 d3 45. Ne1 c4 0-1

[Event "European Rapid 2017"]
[Site "Katowice POL"]
[Date "2017.12.17"]
[Round "8.64"]
[White "Polzin, Rainer"]
[Black "Karpus, Michal"]
[Result "0-1"]
[WhiteTitle "GM"]
[BlackTitle "FM"]
[WhiteElo "2404"]
[BlackElo "2328"]
[WhiteFideId "4610741"]
[BlackFideId "1174088"]
[EventDate "2017.12.16"]

1. e4 e5 2. Nf3 Nc6 3. Bb5 a6 4. Ba4 Nf6 5. O-O Be7 6. d3 b5 7. Bb3 d6 8. a4 Bd7
9. c3 O-O 10. Re1 Na5 11. Ba2 bxa4 12. d4 Bc6 13. d5 Bd7 14. c4 Rb8 15. Nc3 Rb4
16. c5 Bg4 17. c6 Qb8 18. h3 Bh5 19. Bg5 Rd4 20. Qe2 Bxf3 21. Qxf3 Nxd5 22. Bxd5
Bxg5 23. Nxa4 Qb5 24. Nc3 Qb6 25. Reb1 Nxc6 26. Qf5 Bf6 27. Bxc6 Qxc6 28. Nd5
Bd8 29. Rc1 Rc4 30. Rd1 Qb7 31. Qd7 Rxe4 32. Rac1 Rd4 33. Ne3 Qxb2 34. Rb1 Rxd1+
35. Rxd1 Qb5 36. Qc8 Bg5 37. Qxc7 Bxe3 38. fxe3 Qe2 39. Qc1 Rd8 40. Rxd6 Re8 41.
Qc3 h6 42. Kh2 Qb5 43. e4 Qb7 44. Qd3 a5 45. Rd7 Qc6 46. Rd6 Qc1 47. Ra6 Qf4+
48. Kg1 Rc8 0-1

[Event "European Rapid 2017"]
[Site "Katowice POL"]
[Date "2017.12.17"]
[Round "8.65"]
[White "Quilter, Thomas A"]
[Black "Piesik, Piotr"]
[Result "1-0"]
[BlackTitle "FM"]
[WhiteElo "2195"]
[BlackElo "2374"]
[WhiteFideId "408530"]
[BlackFideId "1136194"]
[EventDate "2017.12.16"]

1. Nc3 g6 2. e4 Bg7 3. d4 c6 4. Be3 d6 5. Qd2 b5 6. f4 Nf6 7. Bd3 Ng4 8. Nf3
Nxe3 9. Qxe3 Qb6 10. e5 d5 11. f5 Bxf5 12. Bxf5 gxf5 13. e6 O-O 14. O-O-O Na6
15. Ng5 Bh6 16. exf7+ Rxf7 17. h4 Nc7 18. Qg3 Rg7 19. Kb1 Ne6 20. Qe5 Nxg5 21.
hxg5 Bxg5 22. Nxd5 Qb7 23. Nc7 Rc8 24. Ne6 Bf6 25. Qxf5 Rf7 26. Rd3 Qb8 27. Rdh3
Re8 28. Rxh7 Qg3 29. Qh5 Rff8 30. Rh6 Bg7 31. Rh8+ Bxh8 32. Qh7# 1-0

[Event "European Rapid 2017"]
[Site "Katowice POL"]
[Date "2017.12.17"]
[Round "8.66"]
[White "Pena Gomez, Manuel"]
[Black "Kossobudzki, Robert"]
[Result "1-0"]
[WhiteTitle "IM"]
[WhiteElo "2491"]
[BlackElo "2134"]
[WhiteFideId "2252813"]
[BlackFideId "1107887"]
[EventDate "2017.12.16"]

1. e4 c5 2. Nc3 a6 3. g3 b5 4. Bg2 Bb7 5. d3 e6 6. f4 d6 7. Nf3 Nd7 8. O-O Be7
9. a4 b4 10. Ne2 Qc7 11. c3 Ngf6 12. cxb4 cxb4 13. h3 e5 14. Be3 O-O 15. g4 exf4
16. Nxf4 Ne5 17. Nd4 g6 18. Qb3 Rac8 19. g5 Nfd7 20. Nxg6 1-0

[Event "European Rapid 2017"]
[Site "Katowice POL"]
[Date "2017.12.17"]
[Round "8.67"]
[White "Licznerski, Lukasz"]
[Black "Wilk, Krzysztof"]
[Result "1-0"]
[WhiteTitle "FM"]
[WhiteElo "2267"]
[BlackElo "2125"]
[WhiteFideId "1179250"]
[BlackFideId "1116193"]
[EventDate "2017.12.16"]

1. e4 c6 2. d4 d5 3. exd5 cxd5 4. c4 Nc6 5. cxd5 Qxd5 6. Nf3 e5 7. Nc3 Bb4 8.
Bd2 Bxc3 9. Bxc3 e4 10. Ne5 Nxe5 11. dxe5 Ne7 12. Be2 O-O 13. O-O Bf5 14. Qa4 a6
15. Rfd1 Qc6 16. Qd4 Qg6 17. Qb4 Bh3 18. Bf1 Nc6 19. Qxb7 e3 20. Rd6 exf2+ 21.
Kh1 Nd8 22. Qxa8 1-0

[Event "European Rapid 2017"]
[Site "Katowice POL"]
[Date "2017.12.17"]
[Round "8.68"]
[White "Konopka, Michal"]
[Black "Cieslar, Michal"]
[Result "1/2-1/2"]
[WhiteTitle "IM"]
[WhiteElo "2381"]
[BlackElo "2032"]
[WhiteFideId "308633"]
[BlackFideId "1141066"]
[EventDate "2017.12.16"]

1. Nf3 d6 2. d4 g6 3. g3 Bg7 4. Bg2 Nd7 5. c4 e5 6. Nc3 f5 7. dxe5 Nxe5 8. O-O
c6 9. e4 Ne7 10. Nxe5 dxe5 11. Qxd8+ Kxd8 12. Bg5 Re8 13. Rac1 Be6 14. Rfd1+ Kc7
15. Nd5+ Nxd5 16. cxd5 Bd7 17. exf5 gxf5 18. b4 h6 19. dxc6 bxc6 20. Rxd7+ Kxd7
21. Bxc6+ Ke6 22. Bxa8 hxg5 23. Rc7 Bf8 24. Bc6 Rd8 25. b5 Bc5 26. Bd7+ Kd6 27.
Rc6+ Kd5 28. Bxf5 Kc4 29. Rf6 Rd2 30. Be6+ Kxb5 31. h4 gxh4 32. gxh4 Be7 33. Rh6
Bc5 34. Rf6 Be7 35. Rf5 Bxh4 36. Rxe5+ Kb6 37. Rf5 a5 38. Bc4 Rc2 39. Bb3 Rb2
40. Rf4 Be7 41. Kg2 Bc5 42. Rf5 a4 43. Bf7 a3 44. Kg3 Kc6 45. f4 Bd6 46. Kg4
Rg2+ 47. Kf3 Rg1 48. Bd5+ Kc5 49. Bb3+ Kc6 50. Rf7 Rb1 51. f5 Rxb3+ 52. axb3 Bc7
53. Rh7 a2 54. Rh1 Be5 55. Ke4 a1=Q 56. Rxa1 Bxa1 1/2-1/2

[Event "European Rapid 2017"]
[Site "Katowice POL"]
[Date "2017.12.17"]
[Round "8.69"]
[White "Sabuk, Piotr"]
[Black "Weber, Robert"]
[Result "1-0"]
[WhiteTitle "IM"]
[WhiteElo "2382"]
[BlackElo "2125"]
[WhiteFideId "1137565"]
[BlackFideId "1124331"]
[EventDate "2017.12.16"]

1. Nf3 c5 2. c4 Nc6 3. Nc3 Nf6 4. d4 cxd4 5. Nxd4 g6 6. e4 Bg7 7. Nc2 O-O 8. Be2
d6 9. O-O a5 10. Be3 Nb4 11. Nd4 Bd7 12. b3 Bc6 13. f3 Nd7 14. Rb1 e5 15. Ndb5
Nc5 16. a3 Nba6 17. b4 axb4 18. axb4 Ne6 19. Nxd6 Nd4 20. c5 b6 21. Nc4 b5 22.
Nb6 Rb8 23. Bxd4 exd4 24. Ncd5 Nc7 25. Qb3 Ne6 26. f4 d3 27. Qxd3 Nd4 28. Rbd1
f5 29. e5 Ne6 30. Nc3 Qh4 31. Qg3 Qe7 32. Rd6 Be4 33. Nxe4 fxe4 34. Bxb5 Rbd8
35. Rxe6 1-0

[Event "European Rapid 2017"]
[Site "Katowice POL"]
[Date "2017.12.17"]
[Round "8.70"]
[White "Zimina, Olga"]
[Black "Marczuk, Dominik"]
[Result "1-0"]
[WhiteTitle "IM"]
[WhiteElo "2415"]
[BlackElo "2278"]
[WhiteFideId "4132190"]
[BlackFideId "1111264"]
[EventDate "2017.12.16"]

1. Nf3 d6 2. d4 f5 3. g3 Nf6 4. Bg2 g6 5. O-O Bg7 6. c4 O-O 7. b3 h6 8. Bb2 g5
9. d5 Qe8 10. Nd4 f4 11. e3 fxg3 12. fxg3 Qg6 13. Nc3 Na6 14. Ncb5 Bd7 15. Qe2
Rfc8 16. Rad1 c6 17. Nc3 Nc5 18. b4 Na6 19. dxc6 bxc6 20. b5 cxb5 21. Bxa8 Rxa8
22. cxb5 Nc5 23. Nc6 Re8 24. Nd5 Nxd5 25. Bxg7 Kxg7 26. Rxd5 Bh3 27. Rc1 Qf7 28.
Rdd1 Rf8 29. e4 h5 30. Qe3 Qf6 31. e5 Qf5 32. Nxe7 Qg4 33. exd6 1-0

[Event "European Rapid 2017"]
[Site "Katowice POL"]
[Date "2017.12.17"]
[Round "8.71"]
[White "Tomaszewski, Kacper"]
[Black "Lubczynski, Rafal"]
[Result "1/2-1/2"]
[BlackTitle "IM"]
[WhiteElo "2292"]
[BlackElo "2429"]
[WhiteFideId "1127373"]
[BlackFideId "1126091"]
[EventDate "2017.12.16"]

1. d4 Nf6 2. c4 c6 3. Nc3 d5 4. Nf3 a6 5. a4 e6 6. e3 a5 7. Bd3 Na6 8. Bb1 Be7
9. O-O O-O 10. b3 Nb4 11. Bb2 b6 12. e4 Ba6 13. e5 Nh5 14. Re1 Nf4 15. g3 Ng6
16. cxd5 cxd5 17. h4 Re8 18. Ne2 Rc8 19. h5 Nf8 20. Qd2 Rc6 21. Rc1 Qc7 22. Rxc6
Qxc6 23. Ne1 Rc8 24. Nc1 Qe8 25. Ncd3 f6 26. exf6 gxf6 27. Nf4 Bd6 28. Neg2 Qf7
29. Qd1 Qg7 30. Kh1 Kh8 31. Nd3 Bxd3 32. Bxd3 Qg5 33. Be2 Rc2 34. Bc1 Qf5 35.
Be3 Rc7 36. Rc1 Rxc1 37. Qxc1 Qc2 38. Qxc2 Nxc2 39. Bd1 Nxe3 40. Nxe3 Kg7 41.
Kg2 f5 42. Be2 Be7 43. Nc2 Bf6 44. Kf3 Bg5 45. g4 fxg4+ 46. Kxg4 Kh6 47. f4 Bf6
48. Bb5 Bh8 49. Bc6 Bf6 50. Be8 Kg7 51. Bc6 Kf7 52. f5 Ke7 53. fxe6 Nxe6 54.
Bxd5 Nxd4 55. Nxd4 Bxd4 56. h6 Be3 57. Kh5 Kf8 58. Bc4 Bd2 59. Bd5 1/2-1/2

[Event "European Rapid 2017"]
[Site "Katowice POL"]
[Date "2017.12.17"]
[Round "8.72"]
[White "Krzyzanowski, Marcin"]
[Black "Godzwon, Iwo"]
[Result "1/2-1/2"]
[WhiteTitle "IM"]
[WhiteElo "2457"]
[BlackElo "2240"]
[WhiteFideId "1132199"]
[BlackFideId "21802483"]
[EventDate "2017.12.16"]

1. d4 Nf6 2. Nc3 d5 3. Bg5 Bf5 4. e3 e6 5. Bd3 Bg6 6. h4 Be7 7. h5 Bxd3 8. Qxd3
h6 9. Bf4 c6 10. Nf3 Bd6 11. Ne5 Qc7 12. Ne2 Nbd7 13. Nxd7 Nxd7 14. O-O-O O-O-O
15. Bxd6 Qxd6 16. c4 dxc4 17. Qxc4 Nb6 18. Qb3 Qd5 19. Qxd5 cxd5 20. Nf4 Kd7 21.
Nd3 Kd6 22. Rh3 Nd7 23. Kd2 Rc8 24. f3 Rhg8 25. Rc1 Rxc1 26. Kxc1 Ke7 27. Kd2
Rc8 28. g4 Nf6 29. Rh1 Nh7 30. Nf2 Ng5 31. f4 Nh7 32. Kd3 Nf6 33. Rg1 Kf8 34. a4
Rc7 35. Rh1 Nh7 36. Ra1 Ke7 37. Ra3 f5 38. Rb3 Nf6 39. gxf5 exf5 40. Rb5 Ke6 41.
Ra5 b6 42. Rb5 Nxh5 43. Nd1 Nf6 44. a5 bxa5 45. Nc3 h5 46. Rxa5 h4 47. Nb5 Rb7
48. Ke2 Ng4 49. Kf3 Nh2+ 50. Kg2 Ng4 51. Kf3 h3 52. Kg3 h2 53. Kg2 Nxe3+ 54.
Kxh2 Nc4 55. Ra6+ Kd7 56. Nc3 Rxb2+ 57. Kg1 Rd2 58. Rxa7+ Kc6 59. Rxg7 Rxd4 60.
Ne2 Rd2 61. Kf2 d4 62. Ke1 Rd3 63. Rg8 Re3 64. Kf2 Re4 65. Rc8+ Kd5 66. Rd8+ Nd6
67. Ra8 Nb5 68. Rb8 Kc6 69. Rc8+ Kd5 70. Rd8+ Kc4 71. Rc8+ Kb4 72. Rd8 Kc4 73.
Rc8+ Kd5 74. Rd8+ Nd6 75. Ra8 Ke6 76. Ra3 Nb5 77. Rb3 Nc3 78. Nxc3 dxc3 79. Rxc3
Rxf4+ 80. Ke3 Rh4 81. Rc6+ Ke5 82. Rc5+ Kf6 83. Rc8 Rh3+ 84. Kf4 Rh4+ 85. Kf3
Rh6 86. Rc6+ Kg5 87. Rxh6 Kxh6 88. Kf4 Kg6 89. Kf3 Kg5 90. Kg3 f4+ 91. Kf3 Kf5
92. Kf2 Kg4 93. Kg2 f3+ 94. Kf2 Kf4 95. Kf1 Kg3 96. Kg1 f2+ 97. Kf1 Kf3 1/2-1/2